[Event "Mittelfrank Regionalliga Nord-West 2223"]
[Site "Mittelfranken"]
[Date "2022.10.23"]
[Round "2.8"]
[White "Richter, Heiko"]
[Black "Gies, Hans Joerg"]
[Result "1/2-1/2"]
[WhiteElo "1972"]
[BlackElo "1750"]
[PlyCount "74"]
[EventDate "2022.10.09"]
[EventType "team-tourn"]
[EventRounds "9"]
[EventCountry "GER"]
[SourceTitle "EXT 2024"]
[Source "ChessBase"]
[SourceDate "2023.10.10"]
[SourceVersion "1"]
[SourceVersionDate "2023.10.10"]
[SourceQuality "1"]
[WhiteTeam "Rottendorf"]
[BlackTeam "Klingenberg"]
[WhiteTeamCountry "GER"]
[BlackTeamCountry "GER"]

1. e4 c5 2. Nf3 d6 3. Bb5+ Nd7 4. d4 cxd4 5. Qxd4 a6 6. Bc4 Ngf6 7. a4 g6 8. Nc3 h6 9. Be3 Bg7 10. h3 0-0 11. Qd2 Kh7 12. 0-0 b6 13. Nd4 Bb7 14. f3 Rc8 15. Be2 Ne5 16. Rad1 Nc4 17. Bxc4 Rxc4 18. Qf2 Nd7 19. Nde2 b5 20. axb5 axb5 21. Rd2 Qa5 22. Bd4 b4 23. Bxg7 Kxg7 24. Nd1 Rfc8 25. Ne3 R4c5 26. Nd4 Qa2 27. Nd1 Nf6 28. Re1 Nd7 29. Nb3 Rc4 30. Nd4 R4c5 31. Kh2 Nf6 32. Re3 Qa8 33. Qe2 Ba6 34. Qf2 Bb7 35. Qe2 Ba6 36. Qf2 Bb7 37. Qe2 Ba6 1/2-1/2

[Event "Mittelfrank Regionalliga Nord-West 2223"]
[Site "Mittelfranken"]
[Date "2022.10.09"]
[Round "1.8"]
[White "Saring, Christoph"]
[Black "Richter, Heiko"]
[Result "0-1"]
[WhiteElo "1966"]
[BlackElo "1972"]
[PlyCount "88"]
[EventDate "2022.10.09"]
[EventType "team-tourn"]
[EventRounds "9"]
[EventCountry "GER"]
[SourceTitle "EXT 2024"]
[Source "ChessBase"]
[SourceDate "2023.10.10"]
[SourceVersion "1"]
[SourceVersionDate "2023.10.10"]
[SourceQuality "1"]
[WhiteTeam "Bamberg II"]
[BlackTeam "Rottendorf"]
[WhiteTeamCountry "GER"]
[BlackTeamCountry "GER"]

1. c4 Nf6 2. Nc3 e5 3. g3 c6 4. Bg2 Bb4 5. Qb3 Qa5 6. Nf3 Bxc3 7. Qxc3 Qxc3 8. bxc3 d6 9. Ba3 c5 10. d4 Nbd7 11. 0-0 0-0 12. Nd2 Rb8 13. Rab1 b6 14. f4 Ba6 15. Bh3 Rfe8 16. fxe5 dxe5 17. dxc5 Nxc5 18. Bxc5 bxc5 19. e4 Rbd8 20. Rb2 Rd3 21. Rc1 Red8 22. Rcc2 h5 23. Bf1 R3d6 24. h3 g6 25. Be2 Kg7 26. Kg2 Bc8 27. Bf3 Be6 28. Nb3 Bxc4 29. Nxc5 Rc8 30. Nb7 Rd7 31. Na5 Bd3 32. Rc1 Bxe4 33. c4 Bxf3+ 34. Kxf3 Rd3+ 35. Kg2 Ne4 36. Re1 f5 37. Rb7+ Kh6 38. g4 hxg4 39. hxg4 Rg3+ 40. Kh2 Rxg4 41. Rxa7 Kg5 42. Rh7 Ra8 43. Nc6 Rxa2+ 44. Kh1 Nf2+ 0-1

[Event "Regionalliga Nord-West 1718"]
[Site "Bayern"]
[Date "2018.02.25"]
[Round "7.3"]
[White "Richter, Heiko"]
[Black "Kirschneck, Toralf"]
[Result "1/2-1/2"]
[WhiteElo "1975"]
[BlackElo "2083"]
[PlyCount "54"]
[EventDate "2017.10.22"]
[EventType "team-tourn"]
[EventRounds "9"]
[EventCountry "GER"]
[SourceTitle "EXT 2022"]
[Source "ChessBase"]
[SourceDate "2021.10.06"]
[SourceVersion "1"]
[SourceVersionDate "2021.10.06"]
[SourceQuality "1"]
[WhiteTeam "Rottendorf"]
[BlackTeam "Marktleuthen"]
[WhiteTeamCountry "GER"]
[BlackTeamCountry "GER"]

1. d4 Nf6 2. Nf3 e6 3. Bg5 Be7 4. Nbd2 d5 5. c3 Nbd7 6. e3 c5 7. Bd3 h6 8. Bh4 0-0 9. 0-0 a6 10. Re1 c4 11. Bc2 b5 12. Bxf6 Nxf6 13. e4 dxe4 14. Nxe4 Bb7 15. Ne5 Nxe4 16. Bxe4 Bxe4 17. Rxe4 Qd5 18. Qe2 Rad8 19. Re1 Bd6 20. h3 Rfe8 21. Qh5 Re7 22. Qh4 Rde8 23. R4e3 Rb7 24. Rg3 Kh7 25. Rf3 Rf8 26. Ng4 Be7 27. Qg3 Bd6 1/2-1/2

[Event "Regionalliga Nord-West 1718"]
[Site "Bayern"]
[Date "2017.11.12"]
[Round "2.3"]
[White "Richter, Heiko"]
[Black "Schwarzmann, Tobias"]
[Result "1-0"]
[WhiteElo "1975"]
[BlackElo "1944"]
[PlyCount "69"]
[EventDate "2017.10.22"]
[EventType "team-tourn"]
[EventRounds "9"]
[EventCountry "GER"]
[SourceTitle "EXT 2022"]
[Source "ChessBase"]
[SourceDate "2021.10.06"]
[SourceVersion "1"]
[SourceVersionDate "2021.10.06"]
[SourceQuality "1"]
[WhiteTeam "Rottendorf"]
[BlackTeam "Hoechstadt/Aisch"]
[WhiteTeamCountry "GER"]
[BlackTeamCountry "GER"]

1. e4 c5 2. Nf3 Nc6 3. Bb5 d6 4. Bxc6+ bxc6 5. 0-0 e5 6. c3 Nf6 7. d4 cxd4 8. cxd4 Qc7 9. Nc3 Be7 10. Be3 0-0 11. Rc1 exd4 12. Nxd4 Qb7 13. f3 c5 14. Ndb5 Rd8 15. b3 Be6 16. Qe2 Nd7 17. Rfd1 Nb6 18. Bf4 Nc8 19. Nd5 Bxd5 20. Rxd5 a6 21. Nc3 Bf6 22. e5 dxe5 23. Rxd8+ Bxd8 24. Qxe5 Ne7 25. Ne4 Bb6 26. Nd6 Qd7 27. Nc4 Ba7 28. Re1 Ng6 29. Qd6 Qxd6 30. Bxd6 Rd8 31. Bc7 Ra8 32. Bd6 f6 33. Kf1 Kf7 34. Bc7 Rc8 35. Nd6+ 1-0

[Event "Regionalliga NW 1617"]
[Site "Bayern"]
[Date "2017.01.15"]
[Round "4.3"]
[White "Richter, Heiko"]
[Black "Kraich, Klaus"]
[Result "0-1"]
[WhiteElo "2008"]
[BlackElo "2051"]
[PlyCount "78"]
[EventDate "2016.10.16"]
[EventType "team-tourn"]
[EventRounds "9"]
[EventCountry "GER"]
[SourceTitle "EXT 2019"]
[Source "ChessBase"]
[SourceDate "2018.10.10"]
[SourceVersion "1"]
[SourceVersionDate "2018.10.10"]
[SourceQuality "1"]
[WhiteTeam "Rottendorf"]
[BlackTeam "Klingenberg/Main"]
[WhiteTeamCountry "GER"]
[BlackTeamCountry "GER"]

1. d4 d5 2. Nf3 Nf6 3. Nc3 Bg4 4. h3 Bxf3 5. exf3 e6 6. Bf4 Bd6 7. Qd2 a6 8. a3 0-0 9. Bd3 c5 10. Bxd6 Qxd6 11. dxc5 Qxc5 12. 0-0-0 Nc6 13. f4 Rac8 14. g4 b5 15. g5 Nd7 16. f5 Nce5 17. f4 Nc4 18. Bxc4 Qxc4 19. Rhg1 b4 20. axb4 Qxb4 21. Ne2 Qa4 22. Kb1 Rb8 23. b3 Nc5 24. Qd4 Qc6 25. Rg3 Ne4 26. Rgd3 Rfc8 27. Rc1 a5 28. Ka2 Rb4 29. Qb2 a4 30. Qa3 Qb6 31. c3 Rxb3 32. Qxa4 Rb2+ 33. Ka1 Rxe2 34. Rb1 Qd8 35. Rb7 Nc5 36. Qb5 Nxb7 37. Qxb7 Qa5+ 38. Kb1 Qa2+ 39. Kc1 Qc2# 0-1

[Event "Landesliga Nord 1516"]
[Site "Bayern"]
[Date "2015.12.13"]
[Round "4.5"]
[White "Krauss, Josef"]
[Black "Richter, Heiko"]
[Result "1-0"]
[WhiteElo "2023"]
[BlackElo "2008"]
[PlyCount "55"]
[EventDate "2015.10.11"]
[EventType "team-tourn"]
[EventRounds "9"]
[EventCountry "GER"]
[SourceTitle "EXT 2018"]
[Source "ChessBase"]
[SourceDate "2017.10.13"]
[SourceVersion "1"]
[SourceVersionDate "2017.10.13"]
[SourceQuality "1"]
[WhiteTeam "Schweinfurt"]
[BlackTeam "Rottendorf"]
[WhiteTeamCountry "GER"]
[BlackTeamCountry "GER"]

1. e4 e5 2. Nf3 Nc6 3. Nc3 Nf6 4. Bb5 Bb4 5. 0-0 0-0 6. Bxc6 dxc6 7. d3 Bxc3 8. bxc3 Bg4 9. h3 Bxf3 10. Qxf3 Qd6 11. Qe2 Nd7 12. Qg4 f6 13. a4 Rfe8 14. Be3 Qe6 15. Qh4 c5 16. c4 a5 17. f4 b6 18. f5 Qf7 19. g4 Rad8 20. Rf2 g5 21. fxg6 Qxg6 22. Raf1 Re6 23. Rg2 Rf8 24. Rf5 Rf7 25. Bh6 Kh8 26. g5 fxg5 27. Rfxg5 Qxh6 28. Rg8# 1-0

[Event "Landesliga Nord 1516"]
[Site "Bayern"]
[Date "2015.11.15"]
[Round "3.5"]
[White "Richter, Heiko"]
[Black "Kwossek, Georg"]
[Result "1/2-1/2"]
[WhiteElo "2008"]
[BlackElo "2021"]
[PlyCount "64"]
[EventDate "2015.10.11"]
[EventType "team-tourn"]
[EventRounds "9"]
[EventCountry "GER"]
[SourceTitle "EXT 2018"]
[Source "ChessBase"]
[SourceDate "2017.10.13"]
[SourceVersion "1"]
[SourceVersionDate "2017.10.13"]
[SourceQuality "1"]
[WhiteTeam "Rottendorf"]
[BlackTeam "Kitzingen"]
[WhiteTeamCountry "GER"]
[BlackTeamCountry "GER"]

1. e4 d6 2. d4 Nf6 3. Nc3 e5 4. Nf3 Nbd7 5. Bc4 Be7 6. Ng5 0-0 7. Bxf7+ Rxf7 8. Ne6 Qe8 9. Nxc7 Qd8 10. Nxa8 b6 11. 0-0 Ba6 12. Nxb6 Qxb6 13. Re1 exd4 14. Na4 Qa5 15. b3 Ng4 16. f3 Nxh2 17. Kxh2 Qh5+ 18. Kg1 Ne5 19. c4 dxc3 20. Re3 Qg6 21. Nxc3 Bg5 22. Nd5 Qh5 23. Bb2 Bxe3+ 24. Nxe3 Nxf3+ 25. gxf3 Qh3 26. Kf2 Qh2+ 27. Ng2 Qh3 28. Ne3 Qh4+ 29. Kg2 Qg5+ 30. Kf2 Qh4+ 31. Kg2 Qg5+ 32. Kf2 Qh4+ 1/2-1/2

[Event "Landesliga Nord 1516"]
[Site "Bayern"]
[Date "2015.10.25"]
[Round "2.4"]
[White "Richter, Heiko"]
[Black "Rous, Daniel"]
[Result "0-1"]
[WhiteElo "2008"]
[BlackElo "2208"]
[PlyCount "62"]
[EventDate "2015.10.11"]
[EventType "team-tourn"]
[EventRounds "9"]
[EventCountry "GER"]
[SourceTitle "EXT 2018"]
[Source "ChessBase"]
[SourceDate "2017.10.13"]
[SourceVersion "1"]
[SourceVersionDate "2017.10.13"]
[SourceQuality "1"]
[WhiteTeam "Rottendorf"]
[BlackTeam "Bamberg SC"]
[WhiteTeamCountry "GER"]
[BlackTeamCountry "GER"]

1. e4 c5 2. Nf3 e6 3. b3 Nc6 4. Bb2 a6 5. a4 b6 6. Be2 Bb7 7. 0-0 d6 8. d3 Nf6 9. Nbd2 Be7 10. h3 0-0 11. Nc4 d5 12. exd5 Nxd5 13. Re1 b5 14. axb5 axb5 15. Ne3 Nf4 16. Bf1 Bf6 17. Rxa8 Bxa8 18. Bxf6 Qxf6 19. g3 Ng6 20. Bg2 Nb4 21. Nd2 Bxg2 22. Kxg2 Qe7 23. Kh2 Qc7 24. Qh5 f5 25. Nf3 Rf6 26. Ra1 Qb7 27. Nh4 Nxh4 28. Qxh4 Nc6 29. Qh5 Nd4 30. Ng2 Nf3+ 31. Kh1 Kf8 0-1

[Event "Regionalliga NW 1314"]
[Site "Bayern"]
[Date "2013.11.24"]
[Round "3.6"]
[White "Richter, Heiko"]
[Black "Kilian, Markus"]
[Result "1-0"]
[WhiteElo "1902"]
[BlackElo "1854"]
[PlyCount "87"]
[EventDate "2013.10.13"]
[EventType "team-tourn"]
[EventRounds "9"]
[EventCountry "GER"]
[SourceTitle "EXT 2015"]
[Source "ChessBase"]
[SourceDate "2014.11.20"]
[SourceVersion "1"]
[SourceVersionDate "2014.11.20"]
[SourceQuality "1"]
[WhiteTeam "Rottendorf"]
[BlackTeam "Wuerzburg II"]
[WhiteTeamCountry "GER"]
[BlackTeamCountry "GER"]

1. e4 g6 2. d4 Bg7 3. Nf3 d6 4. Bc4 Nf6 5. Nc3 0-0 6. 0-0 Bg4 7. Be3 e5 8. dxe5 Bxf3 9. Qxf3 dxe5 10. Rad1 Qe7 11. Bg5 c6 12. Rd2 Na6 13. Bxa6 bxa6 14. Rfd1 Rfd8 15. Rxd8+ Rxd8 16. Rxd8+ Qxd8 17. Qd3 Qxd3 18. cxd3 Nd7 19. Na4 Bf8 20. Be3 c5 21. Kf1 f5 22. f4 exf4 23. Bxf4 fxe4 24. dxe4 Bg7 25. b3 Bd4 26. Ke2 Nb6 27. Kd3 Nxa4 28. bxa4 Kf7 29. Bb8 Bg1 30. h3 Ke6 31. Kc4 g5 32. Bxa7 Ke5 33. Bxc5 Bxc5 34. Kxc5 Kxe4 35. a5 Kf4 36. Kb6 Kg3 37. Kxa6 Kxg2 38. Kb5 Kxh3 39. a6 g4 40. a7 g3 41. a8Q g2 42. Qf3+ Kh4 43. Qxg2 h5 44. Qh2+ 1-0

[Event "Regionalliga NW 1314"]
[Site "Bayern"]
[Date "2013.11.10"]
[Round "2.6"]
[White "Bittner, Harald"]
[Black "Richter, Heiko"]
[Result "1-0"]
[WhiteElo "1908"]
[BlackElo "1902"]
[PlyCount "47"]
[EventDate "2013.10.13"]
[EventType "team-tourn"]
[EventRounds "9"]
[EventCountry "GER"]
[SourceTitle "EXT 2015"]
[Source "ChessBase"]
[SourceDate "2014.11.20"]
[SourceVersion "1"]
[SourceVersionDate "2014.11.20"]
[SourceQuality "1"]
[WhiteTeam "Bad Neustadt"]
[BlackTeam "Rottendorf"]
[WhiteTeamCountry "GER"]
[BlackTeamCountry "GER"]

1. f4 g6 2. Nf3 Bg7 3. c3 Nf6 4. d3 0-0 5. e4 d6 6. Be2 Nc6 7. 0-0 e5 8. Qe1 exf4 9. Bxf4 Nh5 10. Be3 d5 11. Qf2 dxe4 12. Ng5 Bh6 13. Nxf7 Bxe3 14. Qxe3 Rxf7 15. Rxf7 Kxf7 16. Bxh5 Qxd3 17. Qf4+ Bf5 18. Qxf5+ Kg7 19. Qg5 Rf8 20. Nd2 Rf5 21. Qg3 Qxd2 22. Rd1 Qf4 23. Rd7+ Rf7 24. Qxf4 1-0

[Event "Regionalliga NW 1213"]
[Site "Bayern"]
[Date "2013.03.17"]
[Round "8.8"]
[White "Reichenbacher, Gerhard"]
[Black "Richter, Heiko"]
[Result "0-1"]
[WhiteElo "1585"]
[BlackElo "1843"]
[PlyCount "60"]
[EventDate "2012.10.14"]
[EventType "team-tourn"]
[EventRounds "9"]
[EventCountry "GER"]
[SourceTitle "EXT 2015"]
[Source "ChessBase"]
[SourceDate "2014.11.20"]
[SourceVersion "1"]
[SourceVersionDate "2014.11.20"]
[SourceQuality "1"]
[WhiteTeam "Coburg"]
[BlackTeam "Rottendorf"]
[WhiteTeamCountry "GER"]
[BlackTeamCountry "GER"]

1. c4 e5 2. g3 Nc6 3. Bg2 Nf6 4. Nc3 Bb4 5. e3 Bxc3 6. bxc3 0-0 7. Ne2 d6 8. 0-0 Rb8 9. f4 e4 10. Nd4 Bg4 11. Nxc6 bxc6 12. Qa4 Qd7 13. Ba3 Be2 14. Rfe1 Bd3 15. Bf1 Bxf1 16. Rxf1 Qh3 17. Qd1 c5 18. Qe2 Rb6 19. Rfb1 Rfb8 20. Rxb6 Rxb6 21. Bc1 Qc8 22. a4 Qb7 23. Kg2 Rb1 24. Rxb1 Qxb1 25. Qd1 Qa2 26. g4 Qxc4 27. g5 Nd7 28. Qg4 Qxa4 29. c4 Nf8 30. f5 Qc2 0-1

[Event "Unterfranken-ch HA 59th"]
[Site "Rieneck"]
[Date "2008.03.25"]
[Round "2"]
[White "Richter, Heiko"]
[Black "Drewes, Thomas"]
[Result "1/2-1/2"]
[WhiteElo "1613"]
[BlackElo "1702"]
[PlyCount "146"]
[EventDate "2008.03.24"]
[EventType "swiss"]
[EventRounds "9"]
[EventCountry "GER"]
[SourceTitle "EXT 2015"]
[Source "ChessBase"]
[SourceDate "2014.11.20"]
[SourceVersion "1"]
[SourceVersionDate "2014.11.20"]
[SourceQuality "1"]

1. e4 d5 2. exd5 Qxd5 3. Nc3 Qa5 4. Nf3 Bf5 5. d4 c6 6. Bd3 Bxd3 7. Qxd3 e6 8. Bf4 Nf6 9. 0-0 Nbd7 10. Ne5 Be7 11. Nxd7 Nxd7 12. Ne4 Nf6 13. c3 0-0 14. Nxf6+ Bxf6 15. Rfe1 Rfd8 16. Re3 g6 17. Qe2 Rd5 18. Qc4 Rad8 19. Rae1 Bxd4 20. R3e2 Bf6 21. Qb3 Qa6 22. g3 R8d7 23. Bh6 Bg7 24. Bf4 c5 25. Be3 Qc6 26. Qa3 b6 27. Qb3 h5 28. Qc2 Kh7 29. Bf4 Bh6 30. Qe4 Qc8 31. Bxh6 Kxh6 32. Qf4+ Kg7 33. Re3 Rf5 34. Qe4 Rd2 35. R3e2 Qd7 36. Qe3 Rd3 37. Qe4 Qd5 38. Qxd5 Rfxd5 39. Kg2 Rd1 40. Rxd1 Rxd1 41. Kf3 Kf6 42. h4 Kf5 43. Kg2 e5 44. f3 f6 45. Kf2 g5 46. hxg5 Kxg5 47. Kg2 Rd3 48. Kf2 h4 49. gxh4+ Kxh4 50. Re4+ Kg5 51. Re2 Rd7 52. Kg3 Kf5 53. Kf2 c4 54. Kg3 a5 55. a3 b5 56. Kf2 Ke6 57. Kg3 f5 58. Kf2 Rd3 59. Kg2 b4 60. axb4 axb4 61. cxb4 Rb3 62. Kf2 Rxb4 63. Rc2 Kd5 64. Rd2+ Kc5 65. Re2 e4 66. fxe4 fxe4 67. Ke3 Kb5 68. Kd4 Rb3 69. Kxe4 Kb4 70. Rd2 Rh3 71. Kd4 Rh4+ 72. Kd5 Kb3 73. Rf2 Rh5+ 1/2-1/2

[Event "Unterfranken-ch HB 58th"]
[Site "Wuerzburg"]
[Date "2007.04.12"]
[Round "6"]
[White "Nees, Norbert"]
[Black "Richter, Heiko"]
[Result "0-1"]
[WhiteElo "1491"]
[BlackElo "1594"]
[PlyCount "102"]
[EventDate "2007.04.09"]
[EventType "swiss"]
[EventRounds "9"]
[EventCountry "GER"]
[SourceTitle "EXT 2015"]
[Source "ChessBase"]
[SourceDate "2014.11.20"]
[SourceVersion "1"]
[SourceVersionDate "2014.11.20"]
[SourceQuality "1"]

1. e4 e5 2. f4 exf4 3. Qf3 Qh4+ 4. g3 fxg3 5. hxg3 Qf6 6. Rh2 d6 7. Nc3 Be6 8. e5 Qxf3 9. Nxf3 Nc6 10. d4 dxe5 11. Bb5 0-0-0 12. Bxc6 bxc6 13. Nxe5 Bd6 14. Bf4 Ne7 15. 0-0-0 f6 16. Nd3 Nd5 17. Ne4 Nxf4 18. gxf4 Bf5 19. Nec5 Rdg8 20. c4 Bg4 21. Rdd2 h5 22. Rc2 g5 23. Rc3 gxf4 24. Rb3 f3 25. Rc2 Bf5 26. Rf2 Rg1+ 27. Kd2 Rg2 28. Ke1 Bg3 29. Kf1 Bxf2 30. Nxf2 Rhg8 31. Rxf3 Rg1+ 32. Ke2 Bg4 33. Nxg4 hxg4 34. Rf1 Rxf1 35. Kxf1 f5 36. d5 cxd5 37. cxd5 Rd8 38. Ne6 Rxd5 39. Nf4 Rd2 40. Ng2 Rxb2 41. Ne3 Rxa2 42. Nxf5 a5 43. Ne3 g3 44. Nd5 g2+ 45. Kg1 Rc2 46. Ne3 Rc3 47. Nd5 Rc1+ 48. Kxg2 a4 49. Nb4 a3 50. Nd3 Rc2+ 51. Kf1 a2 0-1

[Event "Unterfranken-ch HB 58th"]
[Site "Wuerzburg"]
[Date "2007.04.09"]
[Round "1"]
[White "Richter, Heiko"]
[Black "Liebler, Juergen"]
[Result "1/2-1/2"]
[WhiteElo "1594"]
[BlackElo "1658"]
[PlyCount "51"]
[EventDate "2007.04.09"]
[EventType "swiss"]
[EventRounds "9"]
[EventCountry "GER"]
[SourceTitle "EXT 2015"]
[Source "ChessBase"]
[SourceDate "2014.11.20"]
[SourceVersion "1"]
[SourceVersionDate "2014.11.20"]
[SourceQuality "1"]

1. e4 e5 2. Nf3 Nc6 3. d4 exd4 4. Bc4 Bb4+ 5. c3 dxc3 6. 0-0 Nge7 7. bxc3 Bc5 8. Ng5 Ne5 9. Nxf7 Nxf7 10. Bxf7+ Kxf7 11. Qh5+ g6 12. Qxc5 d6 13. Qe3 Rf8 14. Bb2 Kg8 15. c4 h5 16. Qh6 Kf7 17. Nd2 Rg8 18. Nf3 Qf8 19. Ng5+ Ke8 20. Qxf8+ Kxf8 21. f4 a5 22. Nh7+ Kf7 23. Ng5+ Ke8 24. Nh7 Kd8 25. Nf6 Rf8 26. Nh7 1/2-1/2